000 00539nam a2200169 i 4500
001 40053
003 ES-MaACL
007 t|
008 030305s1983 sp ||||1| spa d
100 1 _aCañibano Calvo, Leandro.
_934753
245 1 0 _aAutofinanciación y tesorería en la empresa
_b: el "cash flow" /
_cLeandro Cañibano Calvo, Eduardo Bueno Campos.
250 _a[2ª ed.].
260 _aMadrid :
_bPirámide,
_c[1983]
300 _a413 p. ;
_c23 cm.
700 1 _aBueno Campos, Eduardo.
_932390
852 _aES-MaACL
_jL-4790
_bR.104379
999 _c40053
_d40053